| 000 | 00834nam a2200205 i 4500 | ||
|---|---|---|---|
| 001 | 101647 | ||
| 003 | ES-MaACL | ||
| 005 | 20230906182941.0 | ||
| 007 | t| | ||
| 008 | 051021s1908 sp ||||1| spa d | ||
| 100 | 1 |
_aMelcior y Farré, Víctor. _979896 |
|
| 245 | 1 | 0 |
_a¿Puede considerarse la voluntad como una fuerza medicatriz? _b: terapéutica de esta potencia anímica, cuando está debilitada y perturbada / _cmemoria de Víctor Melcior Farré. |
| 260 |
_aMadrid : _b[s.n.], _c1908 ( _fEst. tip. de Enrique Teodoro) |
||
| 300 |
_a168 p. ; _c24 cm. |
||
| 500 | _aMemoria premiada por la Real Academia de Medicina. | ||
| 530 | _aDisponible en formato digital. | ||
| 650 | 0 | 4 |
_aVoluntad. _917848 |
| 852 |
_aES-MaACL _jT-1380-F-1 |
||
| 856 |
_uhttp://bdh-rd.bne.es/viewer.vm?id=0000097162&page=1 _zBiblioteca Digital Hispánica |
||
| 999 |
_c101647 _d101647 |
||